[Event "Elite Hotels Open 2019"]
[Site "Vaxjo"]
[Date "2019.02.08"]
[Round "4.15"]
[White "Olsson, Thomas"]
[Black "Lindborg, Patrik"]
[Result "0-1"]
[WhiteElo "1980"]
[BlackElo "2210"]
[Annotator "TA"]
[PlyCount "78"]
[EventDate "2019.02.08"]
[EventType "swiss"]
[EventCountry "SWE"]
[SourceTitle "playchess.com"]
[Source "ChessBase"]
[SourceQuality "1"]

{[%evp 27,78,-67,-57,-58,-41,-73,0,0,0,-68,-57,-106,-28,-34,-39,-46,-27,-37,-22,-22,-24,-44,0,-177,-177,-178,-178,-177,-174,-167,-167,-166,-130,-127,-118,-148,-145,-236,-236,-253,-241,-250,-225,-247,-242,-235,-242,-304,-304,-304,-303,-617,-604]} 1. d4 Nf6 2. c4 g6 3. Nc3 d5 4. Nf3 Bg7 5. Qb3 dxc4 6. Qxc4 O-O 7. e4 a6 8. Bf4 b5 9. Qxc7 Qxc7 10. Bxc7 Bb7 11. e5 Nd5 12. Nxd5 {D97: Grünfeld: Russian System: 7 e4, replies other than 7...Bg4} Bxd5 13. Be2 Rc8 14. Ba5 (14. Bb6 Rc2 15. b3 Nd7 16. Bd1 Rc6 17. Ba5 f6 18. exf6 Re6+ 19. Be2 exf6 {0-1 (29) Lalith,B (2540)-Karthikeyan,P (2401) Kolkata 2012}) 14... Nc6 $1 {[%cal Rc6a5][%mdl 1024] LiveBook: 5 Games. Black has compensation.} 15. Bd2 Ra7 $146 ({Predecessor:} 15... Rab8 16. O-O Bxf3 17. Bxf3 Nxd4 18. Bg4 e6 19. f4 h5 {0-1 (40) Pal,P (2205)-Feher,G (2380) Hungary 1997}) 16. Be3 {[#]} Rac7 ({Better is} 16... Nb4 $1 $17 {White must now prevent ...Nc2+.} 17. O-O Rc2) 17. O-O $11 Nb4 18. a4 (18. Ne1 $11) 18... Nc2 $1 $15 {[%cal Rc2a1]} 19. Rac1 Nxe3 (19... bxa4 $17 20. Bd1 (20. Bxa6 Rb8 $17) 20... Rc4 21. Bxc2 Rxc2) 20. Rxc7 $11 Rxc7 21. fxe3 Rc2 22. Bd3 Rxb2 23. axb5 axb5 {And now ...Bh6 would win.} 24. e4 Bc4 25. Rd1 $2 (25. Bxc4 $11 bxc4 26. Rc1) 25... Bh6 $19 26. d5 Be3+ 27. Kf1 {[#]} Rb1 $1 {[%cal Rb1d1][%mdl 512]} 28. Bxc4 (28. Rxb1 Bxd3+) 28... Rxd1+ {[%mdl 4096] Endgame KRB-KBN} 29. Ke2 Rc1 ({Stronger than} 29... bxc4 30. Kxd1 h5 31. Kc2 $16) 30. Bxb5 Bc5 31. Bd3 Ra1 {Strongly threatening ...Ra2+.} 32. Nd2 (32. Kd2 $17) 32... Ra2 33. Bc4 Rb2 34. Kd3 Kf8 35. g4 Bb4 36. Nf3 Rf2 37. Nd4 Rd2+ 38. Ke3 Rxh2 39. e6 $2 (39. Nf3 Bc5+ 40. Kf4) 39... Bc5 {Precision: White = 29%, Black = 57%.} 0-1

[Event "Elite Hotels Open 2019"]
[Site "Vaxjo"]
[Date "2019.02.08"]
[Round "4.16"]
[White "Olofsson-Dolk, Mattis"]
[Black "Winfridsson, Hakan"]
[Result "1-0"]
[WhiteElo "2172"]
[BlackElo "1971"]
[Annotator "TA"]
[PlyCount "111"]
[EventDate "2019.02.08"]
[EventType "swiss"]
[EventCountry "SWE"]
[SourceTitle "playchess.com"]
[Source "ChessBase"]
[SourceQuality "1"]

{[%evp 11,111,24,27,13,23,0,8,-2,23,12,9,0,45,41,63,-4,-12,-8,32,40,92,-47,-43,-48,-33,-40,-14,-43,50,63,94,102,173,154,156,-27,240,107,90,112,111,80,81,39,104,106,144,112,5489,182,172,189,341,66,73,58,63,56,234,125,127,95,102,54,537,532,510,495,483,326,236,0,1229,1173,2187,1955,29978,29979,29978,29978,29960,5226,2524,1523,1934,1816,5214,5108,1680,5202,29983,29984,29990,29980,29980,29981,29981,29982,29976,6519,6479,6403]} 1. e4 c5 2. Nf3 Nc6 3. Bb5 Nf6 4. e5 Nd5 5. Nc3 Nc7 6. Bxc6 dxc6 7. d3 {B30: Sicilian: 2...Nc6 3 Bb5, lines without ...g6} (7. h3 Ne6 8. O-O g6 9. d3 Bg7 10. Re1 b6 11. Ne4 O-O 12. b3 a5 13. a4 Nd4 14. Bb2 h6 15. Bxd4 cxd4 16. Qd2 c5 17. Re2 Be6 18. Rae1 Qd7 19. Qf4 Rfe8 {½-½ (67) Giri,A (2783)-Demchenko,A (2679) St Petersburg 2018}) 7... g6 8. Be3 b6 9. Qd2 {The position is equal.} Ne6 10. Ne4 Bg7 11. Bh6 O-O $146 ({Predecessor:} 11... Bb7 12. Bxg7 Nxg7 13. O-O-O Qc7 14. Rhe1 O-O-O {1-0 (26) Tovio,I (2344)-Abril,M (1999) Cartagena 2016}) 12. h4 f5 13. Nc3 (13. exf6 $1 $14 exf6 14. O-O-O) 13... f4 $1 $11 14. Bxg7 Kxg7 15. O-O-O Nd4 ({Black should play} 15... h6 $14) 16. Nxd4 ({Better is} 16. h5 $1 $16) 16... cxd4 $15 17. Ne4 Qd5 18. Kb1 Bf5 (18... h6 {feels hotter.} 19. f3 a5 20. Rde1 Bf5 21. e6 Bxe6 22. c4 dxc3 23. Nxc3 Qd7) 19. Rde1 Qxe5 (19... h6 $1 $15) 20. h5 $14 Bxe4 21. Rxe4 Qf6 (21... Qd6 $16) 22. Qe2 Rae8 23. Re6 $2 (23. hxg6 $16 Qxg6 24. Rxd4 (24. Rxe7+ Rxe7 25. Qxe7+ {[%mdl 64] Double Attack} Rf7 $16)) 23... Qf5 $2 {[%mdl 8192]} (23... f3 $11 {and Black is okay.} 24. gxf3 Qxf3 25. Qxf3 Rxf3) 24. Rxe7+ (24. hxg6 $18 h6 25. Rxe7+ (25. Rxc6 f3 $14) 25... Rxe7 26. Qxe7+ {[%mdl 64] Double Attack} Kxg6 27. Qxa7) 24... Rxe7 $16 25. Qxe7+ $18 {[%mdl 4160] Endgame Double Attack. KQR-KQR} Qf7 26. h6+ Kg8 27. Qe4 (27. Qd6 {is interesting.} Qf6 28. Qd7 Rf7 29. Qe8+ Rf8 30. Qe4) 27... Qf6 (27... Qd5 $14) 28. Re1 $16 g5 29. f3 c5 $2 {[%mdl 8192]} (29... Qd6 $16) 30. Qb7 $2 (30. Qd5+ Qf7 31. Re6) 30... Qxh6 $18 31. Qxa7 Qd6 $2 (31... Rf7 32. Qa8+ Kg7) 32. b3 $2 ({White must play} 32. Re7 $18 {Intending Rg7+ and mate.} Qh6 33. a4) 32... Rf7 $1 $14 {[%cal Rf7a7]} 33. Qa8+ Kg7 $1 34. Qe8 Kf6 $2 (34... Rf8 $14 35. Qe4 (35. Re7+ Kg8 $11) 35... h6) 35. Qh8+ (35. Rh1 $18 {White threatens Rh6+ and mate.} Kg7 36. Rxh7+ $1 {[%mdl 576] Deflection} Kxh7 37. Qxf7+ Kh6 38. a4) 35... Kg6 $16 {Black wants to play ...Rf8.} 36. Qg8+ Kf6 37. Rh1 {Black must now prevent Rh6+.} Qe7 $2 {[%mdl 8192]} (37... Qf8 $14 38. Qxf8 Rxf8) 38. Rh6+ $18 Kf5 {[#] intending ...Qe1+.} 39. Qc8+ $1 Qd7 40. Qb8 {Threatening mate with g4+.} Qe7 41. Qxb6 $2 $40 {[%mdl 128] White is up to no good.} (41. g4+ $18 fxg3 42. Qxg3) 41... Rf8 $2 {[%mdl 8192]} (41... Qe1+ $11 42. Kb2 Qc3+ 43. Kc1 (43. Ka3 Ra7+ 44. Qxa7 Qb4+ 45. Kb2 Qc3+ 46. Kc1 Qe1+ 47. Kb2 Qc3+ 48. Kc1 Qe1+ 49. Kb2 Qc3+ $11) 43... Qe1+ 44. Kb2 Qc3+ 45. Kc1 (45. Ka3 Ra7+ 46. Qxa7 Qb4+ 47. Kb2 Qc3+ 48. Kc1 Qe1+ 49. Kb2 Qc3+ 50. Kc1 Qe1+ 51. Kb2 Qc3+ $11) 45... Qe1+ 46. Kb2) 42. a4 Qe1+ 43. Ka2 Qe5 44. Qb7 {[%cal Rb7h7]} Rf6 45. Qxh7+ Ke6 46. Rxf6+ (46. Qg8+ $142 Kf5 47. Qc8+ Re6 48. a5 c4 49. Qf8+ Rf6 50. Rxf6+ Qxf6 51. Qxf6+ Kxf6 52. bxc4) 46... Qxf6 {KQ-KQ} 47. Qe4+ Kd6 48. a5 {[%cal Ba4a5,Ba5a6][%mdl 32]} Qd8 49. Qg6+ Kd5 50. Qb6 Qe7 51. a6 Qe2 52. Qb7+ Kd6 53. Qb8+ Kd7 54. Qb5+ Kd6 55. Qc4 (55. Kb2 $142 Qe1 56. a7 Qc3+ 57. Kb1 Qe1+ 58. Ka2 Qc3 59. Qb8+ Ke6 60. a8=Q Qxc2+ 61. Ka3) 55... Qe7 56. b4 {Accuracy: White = 35%, Black = 23%.} 1-0

[Event "Elite Hotels Open 2019"]
[Site "Vaxjo"]
[Date "2019.02.09"]
[Round "5.1"]
[White "Bellon Lopez, Juan Manuel"]
[Black "Gritsak, Orest"]
[Result "0-1"]
[WhiteElo "2336"]
[BlackElo "2466"]
[Annotator "TA"]
[PlyCount "90"]
[EventDate "2019.02.08"]
[EventType "swiss"]
[EventCountry "SWE"]
[SourceTitle "playchess.com"]
[Source "ChessBase"]
[SourceQuality "1"]

{[%evp 9,90,30,31,24,39,41,52,45,44,24,51,-16,14,0,24,-37,-58,-55,-47,-51,0,-83,-57,-64,22,-107,-116,-108,-114,-109,-108,-122,-128,-164,-163,-153,-127,-142,-119,-250,-258,-295,-325,-321,-309,-315,-310,-543,-539,-537,-522,-537,-512,-519,-508,-534,-572,-645,-637,-651,-652,-645,-589,-638,-611,-1277,-1259,-1297,-1308,-1450,-1436,-1361,-1281,-1283,-1271,-5013,-2316,-29979,-29980,-29980,-29978,-29968,-29966]} 1. d4 g6 2. e4 Bg7 3. Nc3 c6 4. h4 h5 5. Bc4 d6 (5... b5 6. Bb3 d6 7. Nf3 Bg4 8. Be3 Nd7 9. Ng5 Bxd1 10. Bxf7+ Kf8 11. Bxg6 Nc5 12. dxc5 Bg4 13. f3 {0-1 (40) Moiseenko,A (2711)-Artemiev,V (2524) Khanty-Mansiysk 2013}) 6. Qf3 {B06: Modern Defence} e6 7. Nge2 Nd7 8. Bg5 {White is slightly better.} Qc7 9. Bb3 b5 10. Qg3 $146 (10. Rd1 $14) ({Predecessor:} 10. Rd1 b4 11. Nb1 d5 12. exd5 cxd5 13. c4 bxc3 14. Nbxc3 {0-1 (28) Deleva,M (2255)-Kukov,V (2404) Vaujany 2012}) 10... b4 11. Nb1 c5 12. c3 (12. a3 $11) 12... bxc3 $15 13. bxc3 Ngf6 14. Nd2 Bb7 (14... Ba6 $15) 15. Nf4 (15. f3 $11) 15... O-O 16. O-O Bxe4 (16... Nxe4 $15 17. Nxe4 Bxe4 18. Nxe6 fxe6 19. Bxe6+ Kh7) 17. Bxe6 (17. dxc5 $11 {remains equal.} Bb7 18. cxd6 Qxd6 19. Nxh5 $1 {[%mdl 512]} Qxg3 20. Nxg3) 17... fxe6 $17 18. Nxe6 Qc6 19. Nxf8 Rxf8 ({Of course not} 19... Bxf8 $6 20. Bxf6 Nxf6 21. Nxe4 $11) 20. Bf4 d5 21. Bd6 Rf7 22. Rfe1 c4 23. f3 {[#]} Bd3 $1 24. Re7 {[#]} (24. a4 $17 {keeps fighting.}) 24... Bf8 $1 $19 {[%cal Rf8e7]} 25. Rxf7 Bxd6 ({Weaker is} 25... Kxf7 26. Bxf8 Nxf8 27. Re1 $15) 26. Rxf6 Nxf6 (26... Bxg3 $2 {loses.} 27. Rxc6 Bxh4 28. Rc7 $18) 27. Qg5 {and the idea Ne4 leaves White hopeful.} Kf7 28. g3 $2 (28. Qe3) 28... Qe8 29. Nf1 Qe2 30. Qe3 Qxe3+ {[%mdl 64] Overworked Piece} 31. Nxe3 Bxg3 32. a4 a5 33. Ng2 Nd7 34. Ra2 Nb6 35. Ne3 Ke6 36. Kg2 Bxh4 37. Rb2 Nxa4 {[%mdl 64] Double Attack} 38. Rb5 Nxc3 39. Rxa5 Bf6 40. Ra6+ Kf7 41. Ra7+ Kf8 42. Ra5 Bxd4 43. Nxd5 Nxd5 {Black mates.} 44. Rxd5 Bg7 45. Kf2 Bf5 {Accuracy: White = 31%, Black = 60%.} 0-1

[Event "Elite Hotels Open 2019"]
[Site "Vaxjo"]
[Date "2019.02.09"]
[Round "5.2"]
[White "Golubka, Petro"]
[Black "Kucuksari, Kaan"]
[Result "1/2-1/2"]
[WhiteElo "2471"]
[BlackElo "2301"]
[Annotator "TA"]
[PlyCount "67"]
[EventDate "2019.02.08"]
[EventType "swiss"]
[EventCountry "SWE"]
[SourceTitle "playchess.com"]
[Source "ChessBase"]
[SourceQuality "1"]

{[%evp 19,67,16,16,19,16,4,7,0,29,26,27,35,110,104,106,102,118,67,70,67,68,68,61,69,67,63,69,59,60,58,79,75,88,67,77,45,41,22,32,0,0,-2,-2,-28,-30,-20,-31,-31,-23,-67]} 1. d4 Nf6 2. c4 e6 3. Nf3 b6 4. g3 Bb7 5. Bg2 Be7 6. O-O O-O 7. Re1 d5 8. cxd5 exd5 9. Nc3 Nbd7 10. Bf4 c5 11. Rc1 {[%cal Ba1c1,Bc1c3,Bc3c6,Bc6d6,Bd6d5][%mdl 32] E17: Queen's Indian: 4 g3 Bb7 5 Bg2 Be7} Ne4 12. Ne5 (12. Nxe4 dxe4 13. Nd2 f5 14. Nc4 Nf6 15. dxc5 Bxc5 16. a3 Qxd1 17. Rexd1 Rfc8 18. e3 Kf7 {½-½ (36) Korobov,A (2668)-Anton Guijarro,D (2654) Kocaeli 2017}) 12... Nxc3 13. Rxc3 {[#] The position is equal.} cxd4 $146 ({Predecessor:} 13... Nxe5 14. Bxe5 Qd7 15. e4 f6 16. Bf4 g5 17. Bd2 cxd4 18. Rd3 a5 19. Rxd4 Bc5 20. Rd3 d4 21. Bc3 Rad8 22. Qb3+ Qf7 23. Red1 Ba6 24. Qxf7+ Kxf7 25. R3d2 dxc3 {0-1 (25) Khomeriki,N (2257)-Vetoshko,V (2521) Konya 2018}) 14. Nc6 Bxc6 $1 15. Rxc6 Bf6 (15... Bc5 $14) 16. Rd6 $16 {[#] And now Bh3 would win.} Qe7 17. Rxd5 {aiming for Bd6.} Rfe8 18. e4 (18. e3 $16) 18... Ne5 $1 $14 19. Bxe5 Bxe5 20. f4 Bd6 21. e5 ({Of course not} 21. Qxd4 Bc5 $17) 21... Rad8 22. Qd3 ({Don't go for} 22. Qxd4 $2 Bc5 $19) 22... Bc5 23. a3 {b4 is the strong threat.} a5 24. h4 Rxd5 25. Bxd5 Qd7 26. Bc4 {Threatens to win with Bb5.} Qh3 27. Rb1 Be7 28. Kf2 Rc8 29. Bd5 Bxh4 {[%mdl 64] [#] Pin} 30. Rg1 g6 $1 31. Be4 Be7 32. Rh1 Qe6 33. Kf3 h5 34. f5 {Accuracy: White = 54%, Black = 73%.} 1/2-1/2

[Event "Elite Hotels Open 2019"]
[Site "Vaxjo"]
[Date "2019.02.09"]
[Round "5.3"]
[White "Lindgren, Philip"]
[Black "Hillarp Persson, Tiger"]
[Result "0-1"]
[WhiteElo "2379"]
[BlackElo "2558"]
[Annotator "TA"]
[PlyCount "108"]
[EventDate "2019.02.08"]
[EventType "swiss"]
[EventCountry "SWE"]
[SourceTitle "playchess.com"]
[Source "ChessBase"]
[SourceQuality "1"]

{[%evp 14,108,40,30,30,33,36,31,69,53,49,50,50,53,50,50,50,50,51,44,50,48,42,40,40,37,25,-13,-13,-13,-6,-12,-8,-13,-5,-8,-10,-35,-43,-46,-34,-44,-37,-56,-10,-17,-25,-43,0,0,0,0,0,0,0,0,0,-8,0,0,0,0,0,0,0,0,0,0,0,0,0,-8,-8,-8,-8,-343,-338,-327,-278,-1151,-11,-11,-11,-11,-11,-6070,-78,-29965,-29967,-29967,-29968,-29972,-29964,-29977,-29976,-29978,-29977]} 1. d4 Nf6 2. Nf3 g6 3. c4 Bg7 4. Nc3 d5 5. Qb3 dxc4 6. Qxc4 O-O 7. e4 c6 8. Be2 e5 {D97: Grünfeld: Russian System: 7 e4, replies other than 7...Bg4} (8... Be6 9. Qd3 Na6 10. O-O Qb6 11. h3 Rad8 12. a3 Bc8 13. Be3 Qc7 14. b4 Nb8 15. Qc2 Rfe8 16. Rfd1 a6 {1-0 (57) Radjabov,T (2734)-Vachier Lagrave,M (2758) Beijing 2014}) 9. dxe5 Ng4 10. Bf4 {aiming for h3.} Qa5 $146 {White is slightly better.} ({Predecessor:} 10... Be6 11. Qb4 Nd7 12. Rd1 Qb6 13. Qxb6 axb6 14. Nd4 Ngxe5 15. Bxe5 Nxe5 16. f4 {1-0 (40) Miton,K (2584)-Konopka,M (2381) Katowice 2017}) 11. O-O Be6 12. Qa4 Qxa4 13. Nxa4 Nd7 {[%cal Rg4e5]} 14. Nd4 Ngxe5 15. Nxe6 fxe6 16. Be3 b5 17. Nc5 Nxc5 18. Bxc5 Rfd8 $1 19. Be3 Nd3 20. Bxd3 Rxd3 21. Rac1 Bxb2 22. Rxc6 a5 23. Rb1 ({Don't play} 23. Rxe6 Ra3 $17) 23... b4 24. Kf1 $1 ({Of course not} 24. Rxe6 a4 $19) 24... Rc3 25. Rd6 ({But not} 25. Rxe6 Rc2 $17) 25... Rc2 {Strongly threatening ...Bc3.} 26. Rd2 Rc1+ 27. Rxc1 Bxc1 $15 {[%mdl 4096] Endgame KRB-KRB} 28. Rd3 Rc8 29. Bxc1 Rxc1+ $11 {KR-KR} 30. Ke2 Rc4 31. Ke3 Kf7 32. a3 Ke7 33. axb4 Rxb4 34. h4 a4 35. Kf4 Rb5 36. Ra3 e5+ 37. Kg5 Ra5 38. h5 gxh5 39. Kxh5 Kd6 40. Kh6 Ra7 41. g3 Kc5 {...Kb4 is the strong threat.} 42. f4 Kd4 43. f5 Kxe4 44. f6 $2 {[%mdl 8192] [#]} (44. Kg5 $11) 44... Kf5 $1 $19 {[%cal Rf5f6]} 45. Rf3+ Ke6 {Hoping for ...Kf7.} 46. g4 $2 (46. Kg5) 46... a3 $2 (46... e4 $19 47. f7 Rxf7) 47. f7 $1 $11 {[%cal Rf7f8]} Rxf7 48. Rxa3 Kd5 {White must now prevent ...e4.} 49. Ra8 $2 {[%mdl 8192]} (49. Kg5 $11) 49... Kd4 $2 (49... e4 $19 {has better winning chances.} 50. Re8 Kd4) 50. Rd8+ $2 {[%mdl 8192] [#]} (50. Kh5 $17) 50... Ke3 $1 {Black mates.} 51. g5 e4 52. Rd6 Re7 53. Rd8 Kf4 54. Rf8+ Kg4 {Accuracy: White = 54%, Black = 60%.} 0-1

[Event "Elite Hotels Open 2019"]
[Site "Vaxjo"]
[Date "2019.02.09"]
[Round "5.4"]
[White "Brynell, Stellan"]
[Black "Lindberg, Bengt"]
[Result "1/2-1/2"]
[WhiteElo "2400"]
[BlackElo "2377"]
[Annotator "TA"]
[PlyCount "92"]
[EventDate "2019.02.08"]
[EventType "swiss"]
[EventCountry "SWE"]
[SourceTitle "playchess.com"]
[Source "ChessBase"]
[SourceQuality "1"]

{[%evp 18,92,24,14,28,26,40,-19,-17,-32,-30,-38,0,0,17,0,0,14,14,0,0,0,0,0,12,14,9,0,41,34,64,73,51,0,4,0,0,0,0,-6,-14,-37,0,0,0,0,0,0,0,-25,-14,-14,-15,-15,-15,-16,-20,-25,-17,-16,-15,-23,-15,-16,-16,-16,0,0,0,0,0,0,0,0,0,0,0]} 1. d4 Nf6 2. c4 e6 3. Nf3 b6 4. g3 Ba6 5. Qb3 c6 6. Nc3 {E15: Queen's Indian: 4 g3 sidelines, 4 g3 Ba6 and 4 g3 Bb7 early deviations} Be7 7. Bf4 O-O 8. e4 d5 9. cxd5 cxd5 10. exd5 {LiveBook: 3 Games} Nxd5 11. Nxd5 Qxd5 12. Bxa6 $146 (12. Qxd5 $14 exd5 13. Bxa6 Nxa6 14. a3) ({Predecessor:} 12. Qxd5 exd5 13. Bxb8 Bxf1 14. Rxf1 Raxb8 {½-½ (42) Karpov,A (2693)-Leko,P (2722) Cap d'Agde 2003}) 12... Qa5+ $11 13. Kf1 Qxa6+ 14. Kg2 Nc6 {[%cal Bb8c6,Bc6a5,Ba5c4,Bc4b2,Bb2d3][%mdl 32]} 15. d5 Na5 16. Qa4 exd5 17. Rac1 b5 18. Qd4 Bf6 19. Qxd5 Rad8 20. Qf5 Nc4 21. b3 Nb2 $132 {[%mdl 2048] Black is not keeping still} 22. Rc7 g6 23. Qc2 Rc8 24. Rc1 {[%cal Rc7c8,Bh1c1,Bc1c6,Bc6d6][%mdl 32]} Rxc7 25. Qxc7 (25. Bxc7 $5 {[%cal Rc7e5]} Rc8 26. Qe2 $14) 25... Nd3 $1 {[%cal Rd3c1]} 26. Rc6 Qxa2 27. Be3 Bg7 28. Qxa7 Qxb3 {[#] aiming for ...Qd5.} 29. Rd6 Qc4 30. Bd4 Bxd4 31. Qxd4 Qxd4 32. Nxd4 {[%mdl 4096] Endgame KRN-KRN} b4 33. Nc6 Ne1+ 34. Kf1 Nc2 35. Rd2 b3 36. Rd3 $1 Na1 37. Rd1 Ra8 {And now ...Nc2 would win.} 38. Rb1 Ra4 39. Ke2 Rc4 40. Ne7+ {The position is equal.} Kf8 41. Nd5 Nc2 42. Rxb3 Rc5 {[#] Strongly threatening ...Nd4+.} 43. Rb8+ Kg7 44. Ne3 Re5 45. Rc8 Nxe3 46. fxe3 Rh5 {Precision: White = 65%, Black = 54%.} 1/2-1/2

[Event "Elite Hotels Open 2019"]
[Site "Vaxjo"]
[Date "2019.02.09"]
[Round "5.5"]
[White "Walinder, Lars"]
[Black "Jepson, Christian"]
[Result "0-1"]
[WhiteElo "2245"]
[BlackElo "2389"]
[Annotator "TA"]
[PlyCount "74"]
[EventDate "2019.02.08"]
[EventType "swiss"]
[EventCountry "SWE"]
[SourceTitle "playchess.com"]
[Source "ChessBase"]
[SourceQuality "1"]

{[%evp 18,74,17,14,20,20,21,22,22,26,39,42,42,41,31,31,44,-10,-8,-33,-25,-44,-31,-27,0,-69,-84,-91,-101,-176,-176,-176,-179,-233,-150,-199,-144,-215,-184,-243,-179,-436,-325,-461,-451,-738,-707,-695,-700,-791,-781,-750,-738,-1007,-985,-5795,-4886,-29966,-11678]} 1. c4 e5 2. Nc3 Nc6 3. e3 g6 4. Nf3 f5 5. d4 e4 6. Nd2 Nf6 7. Be2 Bg7 8. O-O O-O 9. Rb1 d6 10. b4 {LiveBook: 9 Games} a6 {A21: English Opening: 1...e5 2 Nc3} (10... Ne7 11. d5 Nd7 12. Bb2 Ne5 13. f4 exf3 14. Nxf3 Bd7 15. Qd2 Kh8 16. Nxe5 Bxe5 17. Nd1 Bxb2 18. Qxb2+ Kg8 19. Nf2 g5 20. e4 Ng6 21. exf5 Bxf5 22. Ng4 Bxg4 23. Bxg4 {½-½ (23) Harutyunian,T (2487)-Petrosyan,M (2570) Yerevan 2018}) 11. a4 $146 ({Predecessor:} 11. f3 Bh6 12. f4 Ne7 13. Rb2 g5 14. g3 gxf4 15. gxf4 Ng6 16. Kh1 Bd7 17. Rg1 Kh8 18. Qf1 {0-1 (44) Wilde,M-Miltner,A (2320) Germany 1992}) 11... Ne7 12. b5 axb5 {The position is equal.} 13. axb5 c5 14. Nb3 b6 15. Qc2 Be6 16. Bb2 Qc7 17. dxc5 ({White should try} 17. Ra1 $14) 17... dxc5 $11 18. Rbd1 h5 19. Rd2 Rfd8 20. Rfd1 Kf7 21. Nd5 ({Better is} 21. f3 $11) 21... Nexd5 22. cxd5 Nxd5 {White must now prevent ...Bxb2.} 23. Bxg7 (23. Bc4 $17 Bxb2 24. Qxb2) 23... Kxg7 $19 24. Bc4 {[%cal Rc4d5]} Qe5 25. h3 (25. Bxd5 $142 Rxd5 26. Rxd5 Bxd5 27. h3) 25... Rd7 26. Qc1 Kf6 (26... g5 $19 27. Qc2 Rad8) 27. Rc2 (27. h4 $17 {keeps fighting.}) 27... Ra4 $36 {[%mdl 2048] Keeping White busy.} 28. Nd2 (28. h4 {was called for.}) 28... Rda7 {...Ra1 is the strong threat.} 29. Nb3 $2 {[#]} (29. Bxd5 {might work better.} Ra1 30. Nc4 Rxc1 31. Rcxc1) 29... Kg7 30. Kh1 (30. Bf1 $142) 30... Nb4 31. Rcd2 (31. Bxe6 $142 Nxc2 32. Qxc2 Qxe6 33. Qc3+ Kh7 34. Rd8) 31... Na2 32. Rxa2 Rxa2 33. Bxe6 Qxe6 34. Qc3+ Qf6 35. Qc4 Rxf2 36. Nxc5 bxc5 37. Qxc5 Ra1 {Precision: White = 27%, Black = 57%.} 0-1

[Event "Elite Hotels Open 2019"]
[Site "Vaxjo"]
[Date "2019.02.09"]
[Round "5.6"]
[White "Hector, Jonny"]
[Black "Dragicevic, Drazen"]
[Result "1-0"]
[WhiteElo "2488"]
[BlackElo "2339"]
[Annotator "TA"]
[PlyCount "59"]
[EventDate "2019.02.08"]
[EventType "swiss"]
[EventCountry "SWE"]
[SourceTitle "playchess.com"]
[Source "ChessBase"]
[SourceQuality "1"]

{[%evp 17,59,29,30,17,16,13,199,189,189,202,245,150,146,135,185,190,346,212,350,354,537,552,552,550,527,549,541,535,534,520,958,400,397,395,467,464,483,456,550,527,548,544,525,451]} 1. e4 c5 2. Nf3 d6 3. d4 cxd4 4. Nxd4 Nf6 5. Nc3 Bd7 6. Bg5 Nc6 7. Qd2 Nxd4 8. Qxd4 Qa5 9. f4 Rc8 10. e5 {B61: Sicilian: Richter-Rauzer: 6...Bd7 7 Qd2} dxe5 11. fxe5 {0-0-0 is the strong threat.} Qc5 $2 (11... e6 $1 $11 {and Black stays safe.}) (11... e6 12. O-O-O Bc5 13. Qh4 Nd5 14. Nxd5 exd5 15. Kb1 Be6 16. Bd3 d4 17. b3 Qb6 {1-0 (33) Navara,D (2736)-Rusev,K (2520) Skopje 2018}) 12. O-O-O $1 $18 {Threatens to win with Qd2.White is clearly better.} Qxd4 13. Rxd4 Rc5 14. exf6 Rxg5 {[#]} 15. Bc4 $1 $36 {[%mdl 2048] White is really pushing.} exf6 $146 ({Predecessor:} 15... Rg4 16. Bxf7+ Kxf7 17. Rxd7 gxf6 18. g3 {1-0 (56) Schaufelberger,H-Mestrovic,Z Meldorf 1968}) 16. Rhd1 Bc6 $2 (16... Be6 17. Rd8+ Ke7) 17. Rd8+ Ke7 {[#]} 18. Ne4 $1 {[%mdl 512] Strongly threatening Rc8.} Re5 {[#]} ({Avoid the trap} 18... Rg4 $2 19. Rc8 $18) (18... g6 $142) (18... Bxe4 19. R1d7#) 19. Rc8 $1 {[%cal Rc8c7] Threatening mate with Rc7+.} Re6 20. Rc7+ Ke8 21. Bxe6 fxe6 22. Nd6+ Bxd6 23. Rxd6 {[%mdl 4096] Endgame KRR-KRB} Rg8 (23... Rf8 $142 24. Rxe6+ Kd8) 24. Rxe6+ (24. Rdxc6 $142 bxc6 25. Rxa7) 24... Kd8 25. Ree7 g5 26. g4 {White is clearly winning.} h6 27. Kd2 Bf3 28. Red7+ Ke8 29. Rh7 {[%cal Rc7c8]} Kd8 30. h3 {Accuracy: White = 70%, Black = 15%.} 1-0